| 000 | 01143cam a2200205 4500 | ||
|---|---|---|---|
| 001 | L136395 | ||
| 008 | 070130n2006 000 0 eng u | ||
| 035 | _a(Sirsi) u136395 | ||
| 041 | 0 | _aeng | |
| 110 | 2 |
_aJones Lang LaSalle _93755 |
|
| 245 | 0 | 0 |
_aService charge report 2006 _h[electronic resource] |
| 260 | _c2006 | ||
| 505 | 1 | _aIntroduction -- The database structure -- Recent service charge trends -- Service charges by component percentages -- Service charges by air conditioning -- Historical service charge trends -- Service charges by location -- Service charges by building size -- Service charges by age -- Comparison of office service charges in the UK and Northern Ireland | |
| 520 | _aDiscusses the service charge levels for offices in Dublin, the degree service charges differ by location and by building size and how Dublin service charges have evolved during the last 10 years. | ||
| 590 | _aKA | ||
| 651 | 4 | _aDUBLIN | |
| 690 | _aPROPERTY-COMMERCIAL PROPERTY-OFFICE PROPERTY | ||
| 856 | 4 | 0 |
_uhttps://www.joneslanglasalle.com/ _zView the item free of charge after registration at www.joneslanglasalle.com... |
| 942 | _n0 | ||
| 999 |
_c106379 _d106379 |
||